• 首页
  • 本馆介绍
  • 公告通知
  • 最新文献
  • 馆藏检索
  • 电子资源
  • 读者导购
  • 参考咨询
  • 我的图书馆
  • 登录
  • 详细信息显示
  • 放入我的书架
  • 预约/预借图书
  • 作者相关作品
  • 分类相关作品
  • 丛书相关作品
  • 出版社相关作品

书目信息

  • 表格格式
  • 工作单格式
  • 卡片格式
书名: The reader over your shoulder
作者: Robert Graves and Alan Hodge.
分册号:
分册名:
出版地: New York :
 
出版社: Vintage Books
出版时间: 1979.
页数: 290 p. ;
开本: 20 cm.
丛书名:
中图分类号:
科图分类号:
其他分类号: H319.4
主题词:
电子资源:
000 00988cam 2200289 i 4504
001 E0738794015
005 20070210104956.04
008 030411s1979 nyu 000 0 eng
010    @a78021368 //r862
020    @a0394729366 (pbk.) :@cCNY1.80.
040    @aDLC@cDLC@dm.c
043    @ae-uk---
050 10 @aPR751@b.G7 1979b
082    @a808/.042
090    @aK550.16/W10
090    @aH319.4
099    @dH319.4@ex119=2
100 1  @aGraves, Robert,@d1895-
245 14 @aThe reader over your shoulder :@ba handbook for writers of English prose / @cRobert Graves and Alan Hodge.
250    @a2d ed., rev. and abridged by the authors.
260    @aNew York :@bVintage Books,@c1979.
300    @a290 p. ;@c20 cm.
500    @aReprint of the 1947 ed. published by J. Cape, London.
650  0 @aEnglish prose literature@xHistory and criticism.
650  0 @aEnglish language@xStyle.
700 10 @aHodge, Alan,@d1915-@ejoint author.
920    @a232010@z2
    
    The reader over your shoulder : : a handbook for writers of English prose / / Robert Graves and Alan Hodge.-2d ed., rev. and abridged by the authors.-New York : : Vintage Books, , 1979.
    290 p. ; ; 20 cm.
    Reprint of the 1947 ed. published by J. Cape, London.
    
    ISBN 0394729366 (pbk.) :CNY1.80.
    
●
相关链接 在E读中查询图书 在五车中查询图书 在当当中查询图书 在豆瓣中查询图书


正题名:reader over your shoulder     索取号:H319.4/x119=2         预约/预借

序号 登录号 条形码 馆藏地/架位号 状态 备注
1 114065   001195744   第四借阅区/ [索取号:H319.4/x119=2] 在馆    
2 114066   001195833   密集书库/ [索取号:H319.4/x119=2] 在馆    
3 114067   001195753   第四借阅区/ [索取号:H319.4/x119=2] 在馆    
4 114068   001195691   第四借阅区/ [索取号:H319.4/x119=2] 在馆    
5 114069   001195780   密集书库/ [索取号:H319.4/x119=2] 在馆    
6 114070   001195726   第四借阅区/ [索取号:H319.4/x119=2] 在馆    
7 114071   001195735   第四借阅区/ [索取号:H319.4/x119=2] 在馆    
8 114072   001195771   密集书库/ [索取号:H319.4/x119=2] 在馆    
9 83680   001195799   密集书库/ [索取号:H319.4/x119=2] 在馆    
10 83681   001195717   密集书库/ [索取号:H319.4/x119=2] 在馆    
11 83682   001195824   密集书库/ [索取号:H319.4/x119=2] 在馆    
12 83683   001195762   密集书库/ [索取号:H319.4/x119=2] 在馆    
13 83684   001195815   第二样本阅览室/ [索取号:H319.4/x119=2] 在馆    
唐山师范学院图书馆 欢迎您!
大连网信软件有限公司© 版权所有